Suurimmat kaupungit Aasian ulkopuolella - Statistics

Yleistilastot
  • Tätä visaa on pelattu 531 kertaa
  • Keskiarvotulos 24 / 37
Vastaustilastot
Väkiluku Kaupunkialue % Oikein
21,8 milj. New York
98%
15,1 milj. Lontoo
96%
11,5 milj. Pariisi
94%
17,1 milj. Los Angeles
90%
25,4 milj. México
88%
18,8 milj. Moskova
87%
13,6 milj. Rio de Janeiro
86%
22,8 milj. Kairo
85%
6,70 milj. Madrid
83%
16,8 milj. Buenos Aires
79%
9,60 milj. Chicago
77%
6,35 milj. Pietari
74%
12,0 milj. Lima
73%
22,6 milj. São Paulo
72%
21,3 milj. Lagos
69%
10,6 milj. Bogota
68%
14,8 milj. Johannesburg
67%
6,30 milj. Miami
67%
8,65 milj. Washington DC
65%
7,85 milj. Toronto
65%
7,80 milj. Dallas
64%
7,20 milj. Houston
63%
7,50 milj. San Francisco
63%
8,40 milj. Santiago
62%
6,90 milj. Nairobi
59%
7,70 milj. Boston
54%
6,15 milj. Milano
54%
16,3 milj. Kinshasa
51%
7,50 milj. Philadelphia
47%
6,25 milj. Aleksandria
43%
9,65 milj. Luanda
41%
6,15 milj. Atlanta
39%
6,65 milj. Dar es Salaam
37%
6,80 milj. Accra
33%
7,20 milj. Khartum
31%
6,15 milj. Monterrey
27%
7,05 milj. Abidjan
22%
Ehtoja vastaavia visoja ei löytynyt
Tulosjakauma
Jokaisen tuloksen saaneiden osuus
Persentiili vastausten määrän mukaan
Tuloshistoriasi
Et ole pelannut tätä visaa